[Event "Chigorin Mem Blitz 2016"]
[Site "St Petersburg RUS"]
[Date "2016.10.14"]
[Round "12.4"]
[White "Ponkratov, Pavel"]
[Black "Huzman, Alexander"]
[Result "1/2-1/2"]
[WhiteTitle "GM"]
[BlackTitle "GM"]
[WhiteElo "2589"]
[BlackElo "2577"]
[WhiteFideId "4157800"]
[BlackFideId "2803828"]
[EventDate "2016.10.14"]

1. Nf3 Nf6 2. g3 d5 3. Bg2 g6 4. b3 Bg7 5. Bb2 O-O 6. c4 c5 7. e3 Nc6 8. O-O b6
9. Nc3 Bb7 10. Qe2 d4 11. exd4 Nxd4 12. Nxd4 Bxg2 13. Kxg2 Qxd4 14. d3 Qd7 15.
Rad1 Ne8 16. Nd5 e6 17. Bxg7 Kxg7 18. Qb2+ f6 19. Ne3 Rd8 20. b4 Nd6 21. d4 Nxc4
22. Nxc4 Qd5+ 23. Kg1 Qxc4 24. dxc5 bxc5 25. b5 Rd4 26. Rc1 Qd5 27. Qa3 Rb4 28.
Qxa7+ Rf7 29. Qa6 Qb7 30. Qxe6 Qxb5 31. Rfd1 Rd4 32. Re1 Rd2 33. a3 Qb2 34. Qe3
Rc2 35. Rxc2 Qxc2 36. Rc1 Qb2 37. Qxc5 h5 38. h4 Qa2 39. Re1 Kh6 40. Re7 Qb1+
41. Kg2 Rxe7 42. Qxe7 Qf5 43. a4 Qd5+ 44. Kh2 Qa2 45. Qa7 g5 46. hxg5+ Kxg5 47.
a5 h4 48. gxh4+ Kxh4 49. a6 Qe2 50. Qd4+ Kh5 51. Qxf6 Qe4 52. Qf7+ Kg5 53. a7
Qh4+ 1/2-1/2

[Event "Chigorin Mem Blitz 2016"]
[Site "St Petersburg RUS"]
[Date "2016.10.14"]
[Round "12.5"]
[White "Pridorozhni, Aleksei"]
[Black "Timofeev, Artyom"]
[Result "1-0"]
[WhiteTitle "GM"]
[BlackTitle "GM"]
[WhiteElo "2579"]
[BlackElo "2601"]
[WhiteFideId "4127870"]
[BlackFideId "4140419"]
[EventDate "2016.10.14"]

1. e4 c5 2. Nc3 d6 3. Nf3 Nf6 4. d4 cxd4 5. Nxd4 e6 6. g4 h6 7. Bg2 a6 8. h4 e5
9. Nf5 g6 10. Ne3 Be6 11. Ncd5 Nbd7 12. c3 Be7 13. h5 Bxd5 14. exd5 Qc7 15. hxg6
fxg6 16. g5 Nh5 17. Rxh5 gxh5 18. Qxh5+ Kd8 19. Nf5 Nc5 20. gxh6 Nd3+ 21. Kf1
Nxc1 22. Rxc1 Qd7 23. c4 Kc7 24. Bh3 Qe8 25. Qd1 Bg5 26. Rc3 Bxh6 27. c5 dxc5
28. d6+ Kb6 29. d7 Qe6 30. Nd6 Qxa2 31. Rb3+ Kc6 32. Bg2+ Kxd7 33. Rxb7+ Ke6 34.
Qg4+ Kxd6 35. Qd7# 1-0

[Event "Chigorin Mem Blitz 2016"]
[Site "St Petersburg RUS"]
[Date "2016.10.14"]
[Round "12.6"]
[White "Shevchenko, Kirill"]
[Black "Turov, Maxim"]
[Result "0-1"]
[WhiteTitle "IM"]
[BlackTitle "GM"]
[WhiteElo "2447"]
[BlackElo "2594"]
[WhiteFideId "14129574"]
[BlackFideId "4120086"]
[EventDate "2016.10.14"]

1. e4 c6 2. d4 d5 3. e5 Bf5 4. Nf3 e6 5. Be2 Ne7 6. O-O Nc8 7. c3 Be7 8. Na3 O-O
9. Nc2 c5 10. Nce1 Nc6 11. g3 cxd4 12. cxd4 a6 13. Ng2 N8a7 14. Be3 Qb6 15. Qd2
Qb4 16. Rfd1 Rac8 17. Nfh4 Be4 18. f3 Qxd2 19. Rxd2 Bg6 20. Nxg6 hxg6 21. Ne1
Nb5 22. Bxb5 axb5 23. Rc1 Ra8 24. a3 Ra4 25. Nc2 Rfa8 26. Rdd1 Rc4 27. Na1 Bd8
28. Nb3 Bb6 29. Rd3 Rc8 30. Rcd1 Rc2 31. R1d2 Rxd2 32. Rxd2 Nxe5 33. Re2 Nc4 34.
Bf2 Nd6 35. Nc5 Rc7 36. Kf1 Nf5 37. b4 Ba7 38. Kg2 b6 39. Nd3 Bb8 40. g4 Nd6 41.
Bg3 Rc3 42. Ne5 Bc7 43. Ra2 Nc4 44. a4 Bxe5 45. Bxe5 bxa4 46. Rxa4 Ra3 47. Rxa3
Nxa3 48. Kf2 Nc2 49. b5 Na3 50. Bc7 Nc4 51. Ke2 Kf8 52. Kd3 Ke7 53. Kc3 f6 54.
Bg3 e5 55. Kd3 0-1

[Event "Chigorin Mem Blitz 2016"]
[Site "St Petersburg RUS"]
[Date "2016.10.14"]
[Round "12.7"]
[White "Yanchenko, Roman"]
[Black "Jumabayev, Rinat"]
[Result "0-1"]
[WhiteTitle "FM"]
[BlackTitle "GM"]
[WhiteElo "2419"]
[BlackElo "2609"]
[WhiteFideId "4137329"]
[BlackFideId "13702661"]
[EventDate "2016.10.14"]

1. d4 Nf6 2. c4 e6 3. Nf3 d5 4. g3 Bb4+ 5. Bd2 Be7 6. Bg2 c6 7. Qc2 O-O 8. O-O
b6 9. Bf4 Ba6 10. Nbd2 Nbd7 11. Rfd1 Nh5 12. Ne5 Nxf4 13. gxf4 Rc8 14. Qa4 Nb8
15. e3 Bd6 16. cxd5 cxd5 17. Rdc1 Qe7 18. a3 Qb7 19. Qd1 Bb5 20. Qh5 Bxe5 21.
fxe5 Bd3 22. Nf3 Bg6 23. Qh4 Nc6 24. b4 a5 25. b5 Ne7 26. a4 h6 27. Bf1 Qd7 28.
Ne1 Nf5 29. Qf4 Rxc1 30. Rxc1 Rc8 31. Ra1 Rc3 32. Qg4 Qe7 33. Ng2 Qb4 34. Nf4
Ne7 35. Qd1 Bc2 36. Qe1 Bf5 37. Be2 Ng6 38. Nh5 Be4 39. Ng3 Nh4 40. Qd1 Bc2 41.
Qf1 Bf5 42. Nxf5 Nxf5 43. Bd3 Nh4 44. Be2 Qb2 45. Rb1 Qd2 46. Rd1 Qc2 47. Ra1
Qg6+ 48. Kh1 Qe4+ 49. Kg1 Rc2 50. Bd3 Qg4+ 51. Kh1 Qf3+ 52. Kg1 Rd2 53. Bb1 g6
54. Ba2 Qg4+ 55. Kh1 Qf3+ 56. Kg1 Kg7 57. Bb3 Qg4+ 58. Kh1 Qe4+ 59. Kg1 Nf3+ 0-1

[Event "Chigorin Mem Blitz 2016"]
[Site "St Petersburg RUS"]
[Date "2016.10.14"]
[Round "12.8"]
[White "Khismatullin, Denis"]
[Black "Nasuta, Grzegorz"]
[Result "1-0"]
[WhiteTitle "GM"]
[BlackTitle "IM"]
[WhiteElo "2617"]
[BlackElo "2454"]
[WhiteFideId "4142578"]
[BlackFideId "1141686"]
[EventDate "2016.10.14"]

1. d4 Nf6 2. Bg5 d5 3. e3 Nbd7 4. Nf3 g6 5. c4 c6 6. Nc3 Bg7 7. Bd3 O-O 8. cxd5
Nxd5 9. Nxd5 cxd5 10. O-O Nf6 11. Qb3 b6 12. Rfc1 Ne4 13. Bf4 Bb7 14. Rc7 e5 15.
Bxe5 Bxe5 16. Rxb7 Nd6 17. Rxf7 Bxh2+ 18. Kxh2 Nxf7 19. Kg1 Qd6 20. a4 Rac8 21.
a5 Rc7 22. axb6 axb6 23. g3 Rfc8 24. Kg2 Rb8 25. Ra6 Kg7 26. Be2 Qc6 27. Bb5 Qd6
28. Be2 Qc6 29. Bd3 Qd6 30. Nd2 Ng5 31. f4 Nf7 32. Nf3 Nd8 33. Bb5 Rbc8 34. Ne5
Rc2+ 35. Kf3 Qe6 36. Bd7 Qd6 37. Bxc8 Rxc8 38. Ra7+ Kg8 39. Rd7 Qf6 40. Qxd5+
Kh8 41. Rxd8+ 1-0

[Event "Chigorin Mem Blitz 2016"]
[Site "St Petersburg RUS"]
[Date "2016.10.14"]
[Round "12.9"]
[White "Moskalenko, Alexander"]
[Black "Moiseenko, Vadim"]
[Result "1-0"]
[WhiteTitle "IM"]
[BlackTitle "IM"]
[WhiteElo "2490"]
[BlackElo "2528"]
[WhiteFideId "4155351"]
[BlackFideId "4123700"]
[EventDate "2016.10.14"]

1. d4 Nf6 2. Nf3 c5 3. e3 cxd4 4. exd4 d5 5. c3 Bf5 6. Qb3 Qc8 7. Bf4 Nc6 8.
Nbd2 e6 9. Nh4 Bg4 10. h3 Bh5 11. Bd3 Be7 12. O-O Ne4 13. Bxe4 dxe4 14. Nxe4 O-O
15. Ng3 Bg6 16. Nxg6 hxg6 17. d5 exd5 18. Qxd5 Rd8 19. Qc4 Na5 20. Qxc8 Raxc8
21. Rfe1 Bf8 22. Rad1 f6 23. Kf1 b6 24. Ne4 g5 25. Bc1 b5 26. Rxd8 Rxd8 27. Ke2
Nc4 28. b3 Nb6 29. Rd1 Re8 30. Kf3 Rc8 31. Be3 Ba3 32. Bxb6 axb6 33. Rd5 b4 34.
cxb4 Bxb4 35. Rb5 Bc5 36. Nxc5 bxc5 37. Ke3 c4 38. b4 c3 39. Rc5 Ra8 40. Rxc3
Rxa2 41. Rb3 Kf7 42. b5 Ke7 43. b6 Ra8 44. b7 Rb8 45. Ke4 Ke6 46. Rb6+ Kf7 47.
Kd5 Ke7 48. Kc6 1-0

[Event "Chigorin Mem Blitz 2016"]
[Site "St Petersburg RUS"]
[Date "2016.10.14"]
[Round "12.10"]
[White "Ofitserian, Boris"]
[Black "Volkov, Sergey"]
[Result "1/2-1/2"]
[WhiteTitle "FM"]
[BlackTitle "GM"]
[WhiteElo "2351"]
[BlackElo "2609"]
[WhiteFideId "24199443"]
[BlackFideId "4122763"]
[EventDate "2016.10.14"]

1. d4 d5 2. c4 c6 3. Nf3 Nf6 4. g3 Bf5 5. Nc3 e6 6. Nh4 Bg4 7. h3 Bh5 8. g4 Ne4
9. Nxe4 dxe4 10. Ng2 Bg6 11. Nf4 Bb4+ 12. Bd2 Na6 13. a3 Bd6 14. Bg2 e5 15. Nxg6
hxg6 16. d5 cxd5 17. cxd5 f5 18. Qa4+ Kf7 19. O-O-O Nc5 20. Qc2 Rc8 21. Kb1 Nd3
22. Bc3 Nxf2 23. gxf5 gxf5 24. Rhf1 Qh4 25. Qb3 Qg3 26. Bh1 g6 27. Rg1 Qxh3 28.
Rdf1 e3 29. Qxb7+ Rc7 30. Qb5 Rd8 31. Bb4 Bxb4 32. Qxb4 Ng4 1/2-1/2

[Event "Chigorin Mem Blitz 2016"]
[Site "St Petersburg RUS"]
[Date "2016.10.14"]
[Round "12.11"]
[White "Soffer, Ram"]
[Black "Sjugirov, Sanan"]
[Result "1/2-1/2"]
[WhiteTitle "GM"]
[BlackTitle "GM"]
[WhiteElo "2475"]
[BlackElo "2660"]
[WhiteFideId "2800101"]
[BlackFideId "4189302"]
[EventDate "2016.10.14"]

1. e4 c5 2. Nf3 d6 3. Bb5+ Nd7 4. O-O a6 5. Bd3 Ngf6 6. Re1 g6 7. c3 Bh6 8. Bc2
Ne5 9. h3 O-O 10. Na3 b5 11. d4 Nxf3+ 12. Qxf3 Bxc1 13. Raxc1 Bb7 14. Nb1 Qb6
15. d5 a5 16. Nd2 a4 17. a3 Nd7 18. Qe3 Rfe8 19. Nf3 e6 20. dxe6 Rxe6 21. Qh6
Re7 22. Rcd1 Rae8 23. Qf4 Ne5 24. Nxe5 Rxe5 25. f3 d5 26. Kh1 dxe4 27. Rd7 Rf5
28. Qd2 Bc6 29. Rd6 Qc7 30. Bxe4 Bxe4 31. fxe4 Rfe5 32. Rd7 Qc6 33. Rf1 R5e7 34.
Rxe7 Rxe7 35. Qd8+ Re8 36. Qf6 Qd7 37. e5 Re6 38. Qf4 Qe7 39. Re1 f6 40. Qf3
Rxe5 41. Qa8+ Kg7 42. Rxe5 fxe5 43. Qe4 h5 44. Kg1 Kh6 45. Kf2 Qf7+ 46. Ke1 Qf4
47. Qe2 Qc1+ 48. Kf2 Qf4+ 49. Ke1 c4 50. Kd1 e4 51. Kc2 e3 52. Kd1 Qe4 53. Kc1
Qd3 54. Qf3 Qd2+ 55. Kb1 Qd3+ 56. Ka2 Kg7 57. Qb7+ Kf6 58. Qc6+ Kf5 59. Qxb5+
Kf4 60. Qb8+ Kg5 61. Qe5+ Kh6 62. Qh8+ Kg5 63. Qe5+ Kh6 64. Qh8+ Kg5 65. Qe5+ 1/2-1/2

[Event "Chigorin Mem Blitz 2016"]
[Site "St Petersburg RUS"]
[Date "2016.10.14"]
[Round "12.12"]
[White "Alekseev, Evgeny"]
[Black "Levin, Evgeny A."]
[Result "1-0"]
[WhiteTitle "GM"]
[BlackTitle "GM"]
[WhiteElo "2636"]
[BlackElo "2505"]
[WhiteFideId "4138147"]
[BlackFideId "4182596"]
[EventDate "2016.10.14"]

1. e4 Nf6 2. e5 Nd5 3. d4 d6 4. Nf3 dxe5 5. Nxe5 c6 6. Be2 Nd7 7. Nf3 N7f6 8. c4
Nb6 9. h3 Bf5 10. Nc3 e6 11. O-O Ne4 12. Qb3 Qc7 13. Be3 Be7 14. a4 O-O 15. a5
Nd7 16. Rfc1 b6 17. Qa4 Qb7 18. Nxe4 Bxe4 19. Nd2 Bg6 20. Bf3 Rac8 21. axb6 axb6
22. Qa7 Qxa7 23. Rxa7 Rfd8 24. Nb3 Kf8 25. Rb7 Bd3 26. g3 h6 27. h4 Ke8 28. Bg2
Bf5 29. Ra1 Bd3 30. Nd2 b5 31. c5 Nf6 32. Ra6 Nd5 33. Raa7 Bf6 34. Bxd5 Rxd5 35.
Rxf7 Bg6 36. Rfb7 e5 37. dxe5 Bxe5 38. b3 Kf8 39. Kh2 Bc3 40. Nf3 Kg8 41. Bd4
Bxd4 42. Nxd4 Be4 43. Rxg7+ Kh8 44. Rgd7 Rxc5 45. f3 Bg6 46. g4 Rf8 47. h5 Be8
48. Rh7+ 1-0

[Event "Chigorin Mem Blitz 2016"]
[Site "St Petersburg RUS"]
[Date "2016.10.14"]
[Round "13.1"]
[White "Bok, Benjamin"]
[Black "Paravyan, David"]
[Result "1/2-1/2"]
[WhiteTitle "GM"]
[BlackTitle "IM"]
[WhiteElo "2594"]
[BlackElo "2528"]
[WhiteFideId "1017063"]
[BlackFideId "4194985"]
[EventDate "2016.10.14"]

1. d4 Nf6 2. c4 g6 3. g3 c5 4. dxc5 Bg7 5. Bg2 Na6 6. Nf3 O-O 7. Nc3 Nxc5 8. O-O
b6 9. Nd4 Bb7 10. Bxb7 Nxb7 11. e4 Qc7 12. b3 a6 13. Bb2 Nc5 14. Re1 Qb7 15. e5
Nfe4 16. Nxe4 Nxe4 17. Qf3 Nc5 18. Rad1 Qc7 19. Qe3 Rad8 20. Nc2 a5 21. Nd4 Ne6
22. Nb5 Qc6 23. Ba3 Rfe8 24. Rd2 f6 25. exf6 Bxf6 26. h4 Nc5 27. Nc3 Bxc3 28.
Qxc3 Ne4 1/2-1/2

[Event "Chigorin Mem Blitz 2016"]
[Site "St Petersburg RUS"]
[Date "2016.10.14"]
[Round "13.2"]
[White "Lu, Shanglei"]
[Black "Pridorozhni, Aleksei"]
[Result "1-0"]
[WhiteTitle "GM"]
[BlackTitle "GM"]
[WhiteElo "2615"]
[BlackElo "2579"]
[WhiteFideId "8603332"]
[BlackFideId "4127870"]
[EventDate "2016.10.14"]

1. e4 a6 2. d4 b5 3. c3 Bb7 4. Bd3 e6 5. Nf3 Nf6 6. e5 Nd5 7. O-O Be7 8. a4 bxa4
9. Rxa4 c5 10. dxc5 Bxc5 11. Nbd2 Be7 12. Rg4 g6 13. Ne4 Nc6 14. Bg5 O-O 15. Nd6
Rb8 16. Bxe7 Qxe7 17. Nxb7 Rxb7 18. Qd2 a5 19. Qh6 f5 20. exf6 Nxf6 21. Rg3 Qg7
22. Qd2 Rfb8 23. Rb1 Nd5 24. h4 Nxc3 25. Rc1 Nd5 26. h5 Rxb2 27. Qg5 Rf8 28.
hxg6 h6 29. Qh4 Nf4 30. Bf1 Rb4 31. Rc4 d5 32. Rxc6 Ne2+ 33. Bxe2 Rxh4 34. Nxh4
Qa1+ 35. Kh2 Qa4 36. g7 Qxh4+ 37. Kg1 Ra8 38. Bg4 Kxg7 39. Bxe6+ Kf6 40. Bxd5+
Ke5 41. Bf3 Ra7 42. Rg4 Qd8 43. Re4+ Kf5 44. g4+ Kg5 45. Ree6 1-0

[Event "Chigorin Mem Blitz 2016"]
[Site "St Petersburg RUS"]
[Date "2016.10.14"]
[Round "13.3"]
[White "Jumabayev, Rinat"]
[Black "Ponkratov, Pavel"]
[Result "0-1"]
[WhiteTitle "GM"]
[BlackTitle "GM"]
[WhiteElo "2609"]
[BlackElo "2589"]
[WhiteFideId "13702661"]
[BlackFideId "4157800"]
[EventDate "2016.10.14"]

1. d4 Nf6 2. Nf3 g6 3. g3 c5 4. d5 Bg7 5. c4 O-O 6. Nc3 e6 7. Bg2 exd5 8. cxd5
d6 9. O-O Re8 10. Bf4 Na6 11. Re1 Bg4 12. h3 Bxf3 13. Bxf3 Nc7 14. Rb1 b5 15. b4
cxb4 16. Rxb4 a5 17. Rb1 b4 18. Na4 Nb5 19. Qd3 Rb8 20. Rbc1 Nd7 21. Bg2 Ne5 22.
Qd2 Qe7 23. h4 Rec8 24. Bh3 Rxc1 25. Rxc1 Qe8 26. Kg2 h5 27. e3 Ng4 28. Rc6 Nf6
29. Qd3 Na7 30. Ra6 Qxa4 31. Rxa7 Qxa2 32. e4 b3 33. e5 dxe5 34. Bxe5 b2 35.
Bxb2 Rxb2 0-1

[Event "Chigorin Mem Blitz 2016"]
[Site "St Petersburg RUS"]
[Date "2016.10.14"]
[Round "13.4"]
[White "Turov, Maxim"]
[Black "Moskalenko, Alexander"]
[Result "1/2-1/2"]
[WhiteTitle "GM"]
[BlackTitle "IM"]
[WhiteElo "2594"]
[BlackElo "2490"]
[WhiteFideId "4120086"]
[BlackFideId "4155351"]
[EventDate "2016.10.14"]

1. d4 Nf6 2. c4 e6 3. Nc3 Bb4 4. Qc2 O-O 5. a3 Bxc3+ 6. Qxc3 d6 7. Bg5 Nbd7 8.
e3 b6 9. Ne2 c5 10. Rd1 h6 11. Bh4 Qc7 12. f3 Ba6 13. Ra1 1/2-1/2

[Event "Chigorin Mem Blitz 2016"]
[Site "St Petersburg RUS"]
[Date "2016.10.14"]
[Round "13.5"]
[White "Gajewski, Grzegorz"]
[Black "Tran, Tuan Minh"]
[Result "0-1"]
[WhiteTitle "GM"]
[BlackTitle "IM"]
[WhiteElo "2621"]
[BlackElo "2468"]
[WhiteFideId "1116207"]
[BlackFideId "12401820"]
[EventDate "2016.10.14"]

1. Nf3 Nf6 2. c4 b6 3. g3 Bb7 4. Bg2 e6 5. O-O Be7 6. d4 O-O 7. Nc3 Ne4 8. Bd2
Bf6 9. Qc2 Nxd2 10. Qxd2 d6 11. e4 Nd7 12. Rad1 g6 13. Rfe1 Bg7 14. h4 Re8 15.
h5 Nf6 16. hxg6 hxg6 17. e5 Nd7 18. Qf4 Qe7 19. Ne4 Bxe4 20. Qxe4 Rad8 21. b3 c5
22. exd6 Qxd6 23. dxc5 Qxc5 24. Qd3 Bf6 25. Qe2 Kg7 26. Nd2 Qe5 27. Ne4 Be7 28.
f4 Qf5 29. Qb2+ Kg8 30. Bf3 Nc5 31. Nxc5 Bxc5+ 32. Kg2 Bf8 33. Qe2 Bg7 34. Rxd8
Rxd8 35. Rd1 Bd4 36. Qe4 Qc5 37. Rd3 Kg7 38. Qe2 Bf6 39. Rxd8 Bxd8 40. Qf2 Qd6
41. Qe3 Bf6 42. Be4 Qa3 43. Qe2 Bd4 44. Bf3 Qc5 45. Qd3 a5 46. Be4 Bf6 47. Bf3
Bd4 48. Be4 Bg1 49. Qe2 Bd4 50. Qd3 Bf6 51. Bf3 Qa3 52. Qc2 Bd4 53. Qd2 Bf6 54.
Qc2 Bb2 55. Qb1 Bf6 56. Qc2 Qb4 57. Qe2 Qc3 58. Be4 Bd4 59. Qd3 Qb2+ 60. Qc2 Qa1
61. Qb1 Qc3 62. Qd3 Qb2+ 63. Qc2 Qa3 64. Qd2 Qc5 65. Qd3 f5 66. Bf3 Kf6 67. Be2
g5 68. fxg5+ Kxg5 69. Qf3 Be5 70. Qh5+ Kf6 71. Bf3 Qd4 72. Qh6+ Ke7 73. Qg5+ Kd7
74. Qc1 Kc7 75. Qd1 Qb2+ 76. Qe2 Qd4 77. Qd1 Qe3 78. Qe2 Qc3 79. Qd1 Bd6 80. Qe2
Qg7 81. Qf2 Qg5 82. Qe1 e5 83. Bd5 e4 84. Qf2 Qg7 85. Qe3 Qb2+ 86. Qf2 Qe5 87.
Qe3 Qg7 88. Qf2 Qg5 89. Qe1 Bc5 90. Qe2 Qc1 91. Qf1 Qd2+ 92. Kh3 Qh6+ 93. Kg2
Qd2+ 94. Kh3 Qh6+ 95. Kg2 Qd2+ 96. Kh3 Bf2 97. Kg2 Be1+ 98. Kh3 Bf2 99. Kg2 e3
100. Kf3 Qxa2 101. Qd3 Qa1 102. Kf4 Qf6 103. Bf3 Qe6 104. Qxf5 Qh6+ 105. Ke4 Qd6
106. Qe5 Qxe5+ 107. Kxe5 Bxg3+ 108. Kd4 Bf4 109. Kd3 Kd6 110. Bh5 Kc5 111. Be8
Kb4 112. Ba4 Bg5 113. Ke2 Kc3 114. Kf3 Kd2 0-1

[Event "Chigorin Mem Blitz 2016"]
[Site "St Petersburg RUS"]
[Date "2016.10.14"]
[Round "13.6"]
[White "Huzman, Alexander"]
[Black "Khismatullin, Denis"]
[Result "1-0"]
[WhiteTitle "GM"]
[BlackTitle "GM"]
[WhiteElo "2577"]
[BlackElo "2617"]
[WhiteFideId "2803828"]
[BlackFideId "4142578"]
[EventDate "2016.10.14"]

1. Nf3 d6 2. d4 Nf6 3. c4 Nbd7 4. Nc3 e5 5. e4 Be7 6. Be2 O-O 7. O-O c6 8. Be3
Ng4 9. Bd2 Ngf6 10. d5 a6 11. b4 cxd5 12. cxd5 b5 13. a4 bxa4 14. Qxa4 Bb7 15.
Rfc1 Qb8 16. h3 Rc8 17. Bd3 Bd8 18. Be3 Bb6 19. Bxb6 Nxb6 20. Qa5 Nbd7 21. Nd2
Nh5 22. g3 Qa7 23. Ne2 Nf8 24. Rc7 Rxc7 25. Qxc7 Rc8 26. Qxd6 Ng6 27. Nc4 Nxg3
28. Nxg3 Qd4 29. Ra3 h5 30. Ne2 1-0

[Event "Chigorin Mem Blitz 2016"]
[Site "St Petersburg RUS"]
[Date "2016.10.14"]
[Round "13.7"]
[White "Tsydypov, Zhamsaran"]
[Black "Alekseev, Evgeny"]
[Result "0-1"]
[WhiteTitle "IM"]
[BlackTitle "GM"]
[WhiteElo "2451"]
[BlackElo "2636"]
[WhiteFideId "4108566"]
[BlackFideId "4138147"]
[EventDate "2016.10.14"]

1. e4 e5 2. Nf3 Nc6 3. Bc4 Bc5 4. c3 Nf6 5. d3 h6 6. O-O d6 7. a4 a6 8. Re1 O-O
9. Na3 Bxa3 10. Rxa3 Be6 11. Ba2 Re8 12. h3 Qd7 13. Nh4 Bxa2 14. Rxa2 Ne7 15.
Qf3 Nh7 16. d4 Qe6 17. d5 Qd7 18. c4 Rf8 19. Qg3 Kh8 20. a5 Rae8 21. b3 f5 22.
exf5 Rf6 23. Rae2 Nxf5 24. Nxf5 Qxf5 25. f4 Rg6 26. Qc3 e4 27. g4 h5 28. g5 h4
29. Kh2 c6 30. Qd4 cxd5 31. cxd5 Rc8 32. Qxe4 Qf7 33. f5 Rxg5 34. Bxg5 Nxg5 35.
Qxh4+ Nh7 36. Re7 Qf8 37. R7e2 Kg8 38. Qe4 Nf6 39. Qe6+ Kh7 40. Qe7 Qg8 41. Qxb7
Rc3 42. Rg2 Rf3 43. Re7 Nh5 44. Qb4 Qf8 45. Qxd6 Qxf5 46. Qe6 Qf4+ 47. Kh1 Rf1+
48. Rg1 Qf3+ 49. Kh2 Qf2+ 0-1

[Event "Chigorin Mem Blitz 2016"]
[Site "St Petersburg RUS"]
[Date "2016.10.14"]
[Round "13.8"]
[White "Lintchevski, Daniil"]
[Black "Ehlvest, Jaan"]
[Result "1/2-1/2"]
[WhiteTitle "GM"]
[BlackTitle "GM"]
[WhiteElo "2522"]
[BlackElo "2532"]
[WhiteFideId "4171055"]
[BlackFideId "4500016"]
[EventDate "2016.10.14"]

1. e4 c5 2. Nf3 Nc6 3. Nc3 d6 4. d4 cxd4 5. Nxd4 Nf6 6. Be2 e6 7. O-O Be7 8. Be3
Bd7 9. Nb3 a6 10. a4 Na5 11. Nd2 O-O 12. f4 Bc6 13. b4 d5 14. exd5 exd5 15. Na2
Bxb4 16. Nxb4 Qe7 17. Bd4 Qxb4 18. Bxf6 gxf6 19. Bd3 Qc5+ 20. Kh1 d4 21. Qg4+
Kh8 22. Qh3 h5 23. Bf5 Kg7 24. Qxh5 Rh8 25. Qg4+ Kf8 26. Be4 Bxe4 27. Nxe4 f5
28. Qg5 Qc6 29. Qxf5 Nc4 30. Ng5 f6 31. Ne6+ Kf7 32. Nxd4 Qd6 33. Qd3 Rac8 34.
Rab1 b6 35. Nf3 Qxf4 36. Qd7+ Kg6 37. Qd3+ Kf7 38. Qd7+ Kg6 39. g3 Qe4 40. Qd3
Qxd3 41. cxd3 Ne3 42. Nh4+ Kf7 43. Rfe1 Nc2 44. Re4 Rc6 45. Kg2 Rd8 46. Rd1 a5
47. Nf5 Nb4 48. Re7+ Kf8 49. Rh7 Rxd3 50. Re1 Nd5 51. g4 Rc2+ 52. Kg1 Rdd2 53.
Rh8+ Kf7 54. Rh7+ Kf8 55. Rh8+ Kf7 56. Rh7+ Kf8 57. Rh8+ Kf7 58. Rh7+ Kf8 59.
Nd6 Ne3 1/2-1/2

[Event "Chigorin Mem Blitz 2016"]
[Site "St Petersburg RUS"]
[Date "2016.10.14"]
[Round "13.9"]
[White "Anisimov, Pavel2"]
[Black "Kovalev, Vladislav"]
[Result "1-0"]
[WhiteTitle "IM"]
[BlackTitle "GM"]
[WhiteElo "2521"]
[BlackElo "2609"]
[WhiteFideId "4135229"]
[BlackFideId "13504398"]
[EventDate "2016.10.14"]

1. e4 e5 2. Nf3 Nc6 3. Bb5 a6 4. Ba4 Nf6 5. O-O Be7 6. Re1 b5 7. Bb3 d6 8. c3
O-O 9. h3 Na5 10. Bc2 c5 11. d4 Nd7 12. a4 Rb8 13. axb5 axb5 14. Nbd2 exd4 15.
cxd4 Nc6 16. Nf1 cxd4 17. Nxd4 Nxd4 18. Qxd4 Ne5 19. Qd1 Bf6 20. Ne3 Be6 21. Nd5
Bxd5 22. Qxd5 Rc8 23. Bb3 Rc5 24. Qd1 Nc4 25. Qe2 Re8 26. Bxc4 bxc4 27. Bf4 d5
28. Rad1 g5 29. Qg4 d4 30. e5 h5 31. Qg3 Bg7 32. Bxg5 Kh7 33. Bxd8 Rxd8 34. Qf3
Rcd5 35. Qxf7 d3 36. e6 d2 37. Re2 1-0

[Event "Chigorin Mem Blitz 2016"]
[Site "St Petersburg RUS"]
[Date "2016.10.14"]
[Round "13.10"]
[White "Timofeev, Artyom"]
[Black "Ofitserian, Boris"]
[Result "1-0"]
[WhiteTitle "GM"]
[BlackTitle "FM"]
[WhiteElo "2601"]
[BlackElo "2351"]
[WhiteFideId "4140419"]
[BlackFideId "24199443"]
[EventDate "2016.10.14"]

1. e4 c5 2. Nf3 d6 3. Bc4 Nf6 4. d3 e6 5. O-O Be7 6. Bb3 O-O 7. c3 Nc6 8. Re1
Re8 9. d4 b6 10. Nbd2 Bb7 11. e5 dxe5 12. dxe5 Nd5 13. Ne4 Qc7 14. Ng3 Rad8 15.
Qe2 Bf8 16. Bg5 Rd7 17. Rad1 Nde7 18. Rxd7 Qxd7 19. h4 h6 20. Bc1 Rd8 21. Bc2
Nf5 22. Nxf5 exf5 23. Bb3 Kh8 24. e6 fxe6 25. Bxe6 Qc7 26. Ng5 1-0

[Event "Chigorin Mem Blitz 2016"]
[Site "St Petersburg RUS"]
[Date "2016.10.14"]
[Round "13.11"]
[White "Volkov, Sergey"]
[Black "Sunilduth Lyna, Narayanan"]
[Result "0-1"]
[WhiteTitle "GM"]
[BlackTitle "GM"]
[WhiteElo "2609"]
[BlackElo "2536"]
[WhiteFideId "4122763"]
[BlackFideId "5058422"]
[EventDate "2016.10.14"]

1. d4 g6 2. c4 Bg7 3. e4 c5 4. d5 d6 5. Nc3 e6 6. Nf3 a6 7. a4 Ne7 8. h4 h6 9.
Be3 exd5 10. cxd5 Nd7 11. Be2 O-O 12. Qd2 Kh7 13. Qc2 Kg8 14. Qd2 Kh7 15. a5 f5
16. h5 g5 17. Bxg5 Nf6 18. Bxf6 Bxf6 19. Bd3 b5 20. axb6 Rb8 21. exf5 Bxf5 22.
Rxa6 Rxb6 23. Bxf5+ Nxf5 24. Ra7+ Bg7 25. O-O Qb8 26. Ra2 Qe8 27. Qd3 Qxh5 28.
Ne4 Qg6 29. Re1 Rb4 30. b3 Rb7 31. Ra6 Rc7 32. Nxd6 Nxd6 33. Qxg6+ Kxg6 34.
Rxd6+ Kh7 35. Rc6 Rb7 36. d6 Rxb3 37. Rxc5 Rd3 38. Rc6 Rf6 39. Re7 Rdxd6 40.
Rcc7 Rg6 41. Nh4 Rg5 42. Rxg7+ 0-1